[Event "FRM-ch U14"]
[Site "Struga"]
[Date "2018.06.13"]
[Round "6"]
[White "Nikolovski, Nikola Branko"]
[Black "Janeski, Leon"]
[Result "1-0"]
[WhiteElo "1245"]
[BlackElo "1303"]
[PlyCount "65"]
[EventDate "2018.06.09"]
[EventType "swiss"]
[EventRounds "7"]
[EventCountry "MKD"]
[SourceTitle "CBM 185 Extra"]
[Source "ChessBase"]
[SourceDate "2018.07.29"]
[SourceVersion "1"]
[SourceVersionDate "2018.07.29"]
[SourceQuality "1"]

1. e4 c5 2. Nf3 d6 3. d4 cxd4 4. Nxd4 Nf6 5. Nc3 g6 6. Be3 Bg7 7. f3 0-0 8. Qd2 Nc6 9. 0-0-0 Nxd4 10. Bxd4 Be6 11. Kb1 Qc7 12. g4 Rfc8 13. Bd3 Bc4 14. Bxc4 Qxc4 15. a3 a5 16. g5 Nh5 17. Nd5 Kf8 18. Bxg7+ Nxg7 19. Nb6 Qc6 20. Nxa8 Rxa8 21. Qd5 Qc7 22. Rd3 Ra6 23. Rc3 Rc6 24. Rxc6 bxc6 25. Qd3 Ne6 26. h4 Qb6 27. Qc3 Nd4 28. h5 c5 29. hxg6 hxg6 30. f4 e6 31. Qh3 Qb5 32. Qh8+ Ke7 33. Qf6+ 1-0

[Event "FRM-ch U14"]
[Site "Struga"]
[Date "2018.06.11"]
[Round "4"]
[White "Nikolovski, Nikola Branko"]
[Black "Petreski, Leonid"]
[Result "0-1"]
[WhiteElo "1245"]
[BlackElo "1345"]
[PlyCount "108"]
[EventDate "2018.06.09"]
[EventType "swiss"]
[EventRounds "7"]
[EventCountry "MKD"]
[SourceTitle "CBM 185 Extra"]
[Source "ChessBase"]
[SourceDate "2018.07.29"]
[SourceVersion "1"]
[SourceVersionDate "2018.07.29"]
[SourceQuality "1"]

1. e4 c5 2. Nf3 Nc6 3. d4 cxd4 4. Nxd4 Nf6 5. Nc3 g6 6. Nxc6 bxc6 7. Be3 Bg7 8. f3 0-0 9. Bc4 Bb7 10. e5 Nd5 11. Nxd5 cxd5 12. Bxd5 Qa5+ 13. c3 Qxd5 14. Qxd5 Bxd5 15. Bd4 Rab8 16. b3 a5 17. c4 Bc6 18. Rb1 d6 19. Bc3 a4 20. Kf2 axb3 21. axb3 Bxe5 22. Bxe5 dxe5 23. Rhe1 f6 24. b4 Rfd8 25. b5 Ba8 26. c5 Rdc8 27. c6 Bxc6 28. bxc6 Rxb1 29. Rxb1 Rxc6 30. Kg3 h5 31. Rb4 Rd6 32. Re4 Kf7 33. f4 Rd4 34. Rxd4 exd4 35. Kf3 e5 36. fxe5 fxe5 37. Ke4 Kf6 38. g3 g5 39. h3 g4 40. h4 Ke6 41. Kd3 Kd5 42. Kd2 e4 43. Ke2 Kc4 44. Kd2 e3+ 45. Ke2 Kc3 46. Kd1 Kd3 47. Ke1 e2 48. Kf2 Kd2 49. Kg2 d3 50. Kf2 e1Q+ 51. Kg2 Ke2 52. Kh2 d2 53. Kg2 d1R 54. Kh2 Qg1# 0-1

[Event "Vevcani Lasker U20 op"]
[Site "Vevcani"]
[Date "2017.10.21"]
[Round "4"]
[White "Nikolovski, Nikola Branko"]
[Black "Terziev, Dimo"]
[Result "0-1"]
[WhiteElo "1237"]
[BlackElo "2019"]
[PlyCount "80"]
[EventDate "2017.10.20"]
[EventType "swiss"]
[EventRounds "7"]
[EventCountry "MKD"]
[SourceTitle "CBM 181 Extra"]
[Source "ChessBase"]
[SourceDate "2017.12.12"]
[SourceVersion "1"]
[SourceVersionDate "2017.12.12"]
[SourceQuality "1"]

1. d4 g6 2. e4 Bg7 3. Nc3 c6 4. Nf3 d6 5. Bc4 Nf6 6. d5 0-0 7. Be3 c5 8. Qd2 Ng4 9. h4 Nxe3 10. Qxe3 h5 11. 0-0-0 a6 12. a3 b5 13. Ba2 Qa5 14. e5 Bf5 15. e6 f6 16. Nh2 Kh7 17. Qf3 b4 18. Ne2 Bh6+ 19. Kb1 bxa3 20. b3 Qb4 21. Ng3 Bg4 22. Nxg4 Qxg4 23. Qxg4 hxg4 24. h5 g5 25. Nf5 Ra7 26. c4 a5 27. Ka1 Rh8 28. Rd3 Na6 29. Rg3 Nb4 30. Bb1 Kg8 31. Rxg4 Kf8 32. Rh3 Rb7 33. Rhg3 Bg7 34. Nxg7 Kxg7 35. f4 Rxh5 36. fxg5 f5 37. Bxf5 Rh1+ 38. Bb1 a2 39. Kb2 axb1Q+ 40. Kc3 Qc2# 0-1

[Event "Ohrid Lasker U18 op"]
[Site "Ohrid"]
[Date "2016.10.09"]
[Round "3"]
[White "Cvetkovski, Gjorgji"]
[Black "Nikolovski, Nikola Branko"]
[Result "1-0"]
[WhiteElo "1163"]
[BlackElo "2274"]
[PlyCount "65"]
[EventDate "2016.10.08"]
[EventType "swiss"]
[EventRounds "7"]
[EventCountry "MKD"]
[SourceTitle "CBM 175 Extra"]
[Source "ChessBase"]
[SourceDate "2016.12.12"]
[SourceVersion "1"]
[SourceVersionDate "2016.12.12"]
[SourceQuality "1"]

1. e4 e5 2. Nf3 Nc6 3. Nc3 Nf6 4. Bc4 Bc5 5. d3 h6 6. 0-0 0-0 7. Be3 Bxe3 8. fxe3 Ng4 9. Qe2 d6 10. h3 Nf6 11. Rad1 Na5 12. Bb3 Nxb3 13. axb3 Re8 14. Nd2 d5 15. exd5 Nxd5 16. Qf3 Be6 17. Nde4 Qd6 18. Nxd6 cxd6 19. Nxd5 Bxd5 20. Qxd5 Re6 21. Qxb7 Rae8 22. Qxf7+ Kh7 23. Qxa7 R8e7 24. Qb6 d5 25. Qc5 d4 26. exd4 exd4 27. Qxd4 Re2 28. Rf2 Rxf2 29. Qxf2 Re8 30. Re1 Rd8 31. Re7 Rg8 32. Qf5+ Kh8 33. Qg6 1-0

[Event "Ohrid Lasker U18 op"]
[Site "Ohrid"]
[Date "2016.10.08"]
[Round "1"]
[White "Lusheski, Konstantin"]
[Black "Nikolovski, Nikola Branko"]
[Result "0-1"]
[WhiteElo "1340"]
[BlackElo "2274"]
[PlyCount "88"]
[EventDate "2016.10.08"]
[EventType "swiss"]
[EventRounds "7"]
[EventCountry "MKD"]
[SourceTitle "CBM 175 Extra"]
[Source "ChessBase"]
[SourceDate "2016.12.12"]
[SourceVersion "1"]
[SourceVersionDate "2016.12.12"]
[SourceQuality "1"]

1. e4 c5 2. Nc3 e6 3. Bc4 Nc6 4. d3 Nf6 5. Bg5 h6 6. Bxf6 Qxf6 7. Qf3 Be7 8. Qxf6 Bxf6 9. Nge2 0-0 10. 0-0 Ne5 11. Bb3 d6 12. Rab1 Bd7 13. Ba4 Bxa4 14. Nxa4 Rad8 15. Nac3 d5 16. exd5 exd5 17. Rfe1 Nc6 18. Nf4 Ne7 19. h3 Bg5 20. Nh5 Rfe8 21. Re2 d4 22. Ne4 Rd5 23. Nxg5 Rxg5 24. Ng3 Kf8 25. Rbe1 Rg6 26. Nf5 Re6 27. Rxe6 fxe6 28. Rxe6 Nxf5 29. Rxe8+ Kxe8 30. Kf1 Ke7 31. Ke2 Ke6 32. Kf3 Ke5 33. g3 b5 34. b3 a5 35. g4 Nd6 36. h4 g6 37. h5 g5 38. Ke2 Kf4 39. f3 Nf7 40. Kf2 Ne5 41. Kg2 Nxf3 42. Kh3 Ne1 43. Kh2 Nxc2 44. Kg2 Ne3+ 0-1